000 00592nam a2200253Ia 4500
005 20260123122800.0
008 008 260114s9999 xx 000 0 eng d
020 _a9781071800607
037 _aEBOOK
040 _aCRL
040 _beng
040 _cCRL
041 _2eng
041 _aeng
084 _qCRL
100 _aLaura Lewis
_91105511
245 0 _aSocial Workers as Game Changers
260 _bSAGE
260 _c2018
856 _uhttps://sk.sagepub.com/books/social-workers-as-game-changers
942 _cEBOOK
999 _c1670747
_d1670747